| 000 | 01035cab a2200193 4500 | ||
|---|---|---|---|
| 001 | ##L135282 | ||
| 008 | 061010n2006 000 0 eng u | ||
| 035 | _a(Sirsi) u135282 | ||
| 041 | 0 | _aeng | |
| 100 | 1 | _aMann, David | |
| 245 | 0 | 0 | _aNew proposals for revised asbestos regulations and an approved code of practice |
| 260 | _c2006 | ||
| 490 | 0 |
_aJournal of Building Appraisal _v2(2) 157-160(4) |
|
| 520 | _aIn response to proposed amendments to the Control of Asbestos at Work Regulations 2002, this paper addresses the main concerns within the industry, such as the deregulation of asbestos containing textured coating. It also gives advice to those overseeing asbestos removal projects that do not require notification to the HSE and other sources of information that should be considered essential background reading. [Taken from journal abstract]. | ||
| 590 | _aIKA171006, KA | ||
| 650 | 2 | 4 | _aCONTROL OF ASBESTOS AT WORK REGULATIONS 2002 |
| 690 | _aMANAGEMENT-HEALTH AND SAFETY-HAZARDOUS SUBSTANCES-ASBESTOS | ||
| 942 | _n0 | ||
| 999 |
_c77853 _d77853 |
||